Loading...
| Science - Biology | 0 | 7 | 1 | 1 | 65 | 67 | 93.71 | 5 | 7 | 0.00 | 0.00 |
| Science - Chemistry | 0 | 7 | 4 | 0 | 50 | 70 | 91.29 | 7 | 7 | 0.00 | 0.00 |
| Literature - European | 0 | 4 | 1 | 1 | 35 | 78 | 103.50 | 3 | 4 | 0.00 | 0.00 |
| Fine Arts - Painting and Sculpture | 0 | 3 | 0 | 0 | 30 | 92 | 108.67 | 2 | 3 | 0.00 | 0.00 |
| Literature - World | 0 | 3 | 0 | 0 | 30 | 78 | 101.00 | 3 | 3 | 0.00 | 0.00 |
| Literature - American | 0 | 3 | 1 | 0 | 25 | 78 | 111.33 | 3 | 3 | 0.00 | 0.00 |
| Literature - British | 0 | 3 | 1 | 0 | 25 | 117 | 121.67 | 3 | 3 | 0.00 | 0.00 |
| Fine Arts - Other | 0 | 2 | 0 | 2 | 20 | 126 | 130.00 | 1 | 2 | 0.00 | 0.00 |
| Fine Arts - Classical Music | 0 | 2 | 1 | 0 | 15 | 106 | 109.50 | 2 | 2 | 0.00 | 0.00 |
| Other Academic | 0 | 1 | 0 | 0 | 10 | 137 | 137.00 | 0 | 1 | 0.00 | 0.00 |
| Science - Other | 0 | 1 | 0 | 0 | 10 | 103 | 103.00 | 0 | 1 | 0.00 | 0.00 |
| Science - Physics | 0 | 1 | 0 | 0 | 10 | 105 | 105.00 | 1 | 1 | 0.00 | 0.00 |
| Social Science | 0 | 1 | 1 | 0 | 5 | 76 | 76.00 | 1 | 1 | 0.00 | 0.00 |